000 00610nam a2200205 a 4500
001 BRCA_5746
005 20190320205212.0
008 070311s1941----gw-#######---#000-0#ger-#
041 _ager
044 _agw
050 4 _aPC4101
_b.S425
_c1941
100 1 _aSauer, Carl Marquard
_d1827-1896.
_914577
245 1 0 _aSpanische Konversations-Grammatik zum Schul- und Privatunterricht.
_cGebhardt, Paul
260 _aHeidelberg
_bJulius Groos
_c1941
300 _a410 p.
_bils., 8 láminas
_c20 cm.
500 _aH61
650 1 4 _aLengua Española
_eGramática
_zHeidelberg
_914578
902 _aGFM
942 _2lcc
_cB
999 _c5436
_d5436